|
|
|
|
| LEADER |
00000naa a2200000uu 4500 |
| 001 |
vtls010943696 |
| 003 |
SK-MaSNL |
| 005 |
20260302134853.0 |
| 008 |
210902|1999 xo |||||||||||||||||slo| |
| 015 |
|
|
|a SNBRA
|
| 035 |
|
|
|a (urnnbn)urn:nbn:sk:snk:ar-a0bdve
|
| 035 |
|
|
|a (uuid)6064c609-5c0d-43d2-8ae7-a3c2bca1005c
|
| 035 |
|
|
|a urn:nbn:sk:snk-aau638
|
| 040 |
|
|
|a SNKBUCL
|b slo
|c SNKBUCL
|e AACR2
|
| 041 |
0 |
|
|a slo
|
| 044 |
|
|
|a xo
|c SK
|
| 100 |
1 |
|
|a Zsittnyan, Aurel
|4 aut
|9 822820
|
| 245 |
1 |
0 |
|a EXPERIMENTÁLNE A TEORETICKÉ ŠTÚDIUM EDA KOMPLEXOV S POLYMÉRMI
|c Aurel Zsittnyan, Juraj Juhász, Ondrej Kyseľ
|
| 700 |
1 |
|
|a Juhász, Juraj
|4 aut
|9 778199
|
| 700 |
1 |
|
|a Kyseľ, Ondrej,
|d 1937-
|4 aut
|9 223920
|
| 773 |
0 |
|
|t 51. zjazd chemických spoločností
|d V Bratislave : Slovenská technická univerzita, 1999, 1999
|g S. [314]-[315]
|z 8022712507
|
| 958 |
|
|
|a OND
|
| 958 |
|
|
|a article11
|
| 958 |
|
|
|a chapter
|
| 999 |
|
|
|c 1324549
|d 1326479
|